<?xml version="1.0" encoding="UTF-8"?>
<collection xmlns="http://www.loc.gov/MARC21/slim">
 <record>
  <leader>05964nam a2200409 a 4500</leader>
  <controlfield tag="001">kal3969</controlfield>
  <controlfield tag="003">Gr-AtHEAL</controlfield>
  <controlfield tag="005">20160427125122.0</controlfield>
  <controlfield tag="006">m        d        </controlfield>
  <controlfield tag="008">160413s2015    gr      s           gre|c</controlfield>
  <datafield tag="020" ind1=" " ind2=" ">
   <subfield code="a">9789606030666</subfield>
  </datafield>
  <datafield tag="040" ind1=" " ind2=" ">
   <subfield code="a">GR-AtHEAL</subfield>
   <subfield code="b">gre</subfield>
   <subfield code="c">GR-AtHEAL</subfield>
  </datafield>
  <datafield tag="082" ind1="0" ind2="4">
   <subfield code="a">025.04</subfield>
   <subfield code="2">23</subfield>
  </datafield>
  <datafield tag="100" ind1="1" ind2=" ">
   <subfield code="a">Μητρόπουλος, Σαράντης.</subfield>
   <subfield code="8">1952</subfield>
  </datafield>
  <datafield tag="245" ind1="1" ind2="0">
   <subfield code="a">Πληροφοριακά συστήματα στο διαδίκτυο</subfield>
   <subfield code="h">[Ηλεκτρονικός πόρος] </subfield>
   <subfield code="b">Μοντέλα, αρχιτεκτονικές, εφαρμογές, προγραμματισμός</subfield>
   <subfield code="c">Μητρόπουλος, Σαράντης ; Δουληγέρης, Χρήστος ; Κριτικός αναγνώστης,Θεοδωρίδης, Ιωάννης ; Τεχνική επιμέλεια,Ρόδιος, Μιχαήλ ; Γλωσσική επιμέλεια,Ξιφαρά, Φωτεινή.</subfield>
  </datafield>
  <datafield tag="260" ind1=" " ind2=" ">
   <subfield code="a">Αθήνα :</subfield>
   <subfield code="b">Σύνδεσμος Ελληνικών Ακαδημαϊκών Βιβλιοθηκών,</subfield>
   <subfield code="c">c2015.</subfield>
  </datafield>
  <datafield tag="490" ind1=" " ind2=" ">
   <subfield code="a">Ακαδημαϊκά Ηλεκτρονικά Συγγράμματα και Βοηθήματα Κάλλιπος</subfield>
   <subfield code="8">40</subfield>
  </datafield>
  <datafield tag="520" ind1=" " ind2=" ">
   <subfield code="a">Το βιβλίο διαπραγματεύεται μια σειρά από σημαντικά μοντέρνα θέματα των Πληροφοριακών Συστημάτων στο Διαδίκτυο, και από επιχειρησιακή άποψη αλλά και από τεχνολογική. Από επιχειρησιακή άποψη εξετάζει τον ρόλο τους στις ενδοεπιχειρησιακές και δι-επιχειρησιακές λειτουργίες, τις κύριες εφαρμογές και τα λειτουργικά μοντέλα που πρέπει να ικανοποιούν. Κατόπιν εξετάζονται οι τεχνολογίες που τα επηρεάζουν καθώς και η αρχιτεκτονική τους. Εν συνεχεία κάνουμε μία επισκόπηση των βασικών τεχνολογιών που χρησιμοποιούνται στη μεριά του πελάτη, όπως HTML5, JSon, CSS και JQuery. Για την ανάπτυξη των Πληροφοριακών Συστημάτων βασιζόμαστε στη γλώσσα προγραμματισμού Java, εστιάζοντας στην τεχνολογία JSP/Servlets. Πηγαίνοντας ένα βήμα παραπέρα, παρουσιάζουμε μοντέρνες τεχνικές διαδικτυακού προγραμματισμού, τα web application frameworks, όπως π.χ. Struts, Spring, καθώς και τη χρήση του Hibernate API για τη σύνδεση με τη βάση δεδομένων. Κατόπιν ασχολούμαστε με την ασφάλεια των διαδικτυακών πληροφοριακών συστημάτων, διαστασιολογώντας τις κύριες παραμέτρους ασφαλείας που πρέπει να λαμβάνει ο προγραμματιστής υπόψη. Μετά, παρουσιάζουμε τα web services και την σύνθεση μέσω κατάλληλων μοντέλων. H σύνθεση των Web Services είναι προστάδιο των υπηρεσιοστραφών αρχιτεκτονικών, οι οποίες αρχιτεκτονικές οδηγούν τη διαλειτουργικότητα των συστημάτων των επιχειρήσεων. Παρουσιάζεται εξέχον παράδειγμα υπηρεσιοστραφούς αρχιτεκτονικής, το Enterprise Service Bus (ESB). Εξετάζουμε την διείσδυση στα διαδικτυακά πληροφοριακά συστήματα των νέων τεχνολογιών ανάπτυξης εφαρμογών στο πλαίσιο έξυπνων συσκευών κινητής τηλεφωνίας και υπηρεσιών υπολογιστικού νέφους (cloud computing). Εν κατακλείδι, συζητάμε τη μεθοδολογία ανάπτυξης Πληροφοριακών Συστημάτων στο Διαδίκτυο.</subfield>
  </datafield>
  <datafield tag="650" ind1=" " ind2="0">
   <subfield code="a">Information technology</subfield>
   <subfield code="8">2683</subfield>
  </datafield>
  <datafield tag="650" ind1=" " ind2="0">
   <subfield code="a">World Wide Web</subfield>
   <subfield code="8">2684</subfield>
  </datafield>
  <datafield tag="653" ind1=" " ind2=" ">
   <subfield code="a">Προγραμματισμός υπολογιστών</subfield>
  </datafield>
  <datafield tag="653" ind1=" " ind2=" ">
   <subfield code="a">Διαδικτυακές εφαρμογές</subfield>
  </datafield>
  <datafield tag="653" ind1=" " ind2=" ">
   <subfield code="a">Ηλεκτρονικό επιχειρείν</subfield>
  </datafield>
  <datafield tag="653" ind1=" " ind2=" ">
   <subfield code="a">Πληροφοριακά συστήματα</subfield>
  </datafield>
  <datafield tag="653" ind1=" " ind2=" ">
   <subfield code="a">Διαδίκτυο</subfield>
  </datafield>
  <datafield tag="653" ind1=" " ind2=" ">
   <subfield code="a">Πολιτικές επιστήμες</subfield>
   <subfield code="a">Τομείς (της) πολιτικής</subfield>
   <subfield code="a">Ηλεκτρονική διακυβέρνηση</subfield>
  </datafield>
  <datafield tag="653" ind1=" " ind2=" ">
   <subfield code="a">Τεχνολογία και επιστήμες μηχανικών</subfield>
   <subfield code="a">Μηχανική και τεχνολογία τηλεπικοινωνιών</subfield>
   <subfield code="a">Τεχνολογίες παγκόσμιου ιστού</subfield>
  </datafield>
  <datafield tag="653" ind1=" " ind2=" ">
   <subfield code="a">Επιστήμη υπολογιστών/Πληροφορική</subfield>
   <subfield code="a">Αρχές ανάπτυξης λογισμικού</subfield>
  </datafield>
  <datafield tag="653" ind1=" " ind2=" ">
   <subfield code="a">Επιστήμη υπολογιστών/Πληροφορική</subfield>
   <subfield code="a">Γλώσσες προγραμματισμού</subfield>
  </datafield>
  <datafield tag="653" ind1=" " ind2=" ">
   <subfield code="a">Επιστήμη υπολογιστών/Πληροφορική</subfield>
   <subfield code="a">Διαχείριση πληροφορίας</subfield>
  </datafield>
  <datafield tag="700" ind1="1" ind2=" ">
   <subfield code="a">Δουληγέρης, Χρήστος</subfield>
   <subfield code="e">Συγγραφέας</subfield>
   <subfield code="8">1953</subfield>
  </datafield>
  <datafield tag="700" ind1="1" ind2=" ">
   <subfield code="a">Θεοδωρίδης, Ιωάννης</subfield>
   <subfield code="e">Κριτικός αναγνώστης</subfield>
   <subfield code="8">1954</subfield>
  </datafield>
  <datafield tag="856" ind1="4" ind2="0">
   <subfield code="u">http://hdl.handle.net/11419/3969</subfield>
   <subfield code="z">Πλήρες Κείμενο - Full text</subfield>
  </datafield>
  <datafield tag="907" ind1=" " ind2=" ">
   <subfield code="a">.b25678322</subfield>
   <subfield code="b">12-06-18</subfield>
   <subfield code="c">29-07-16</subfield>
  </datafield>
  <datafield tag="949" ind1=" " ind2=" ">
   <subfield code="0">0</subfield>
   <subfield code="1">0</subfield>
   <subfield code="2">ddc</subfield>
   <subfield code="4">0</subfield>
   <subfield code="6">025_040000000000000_ΜΗΤ</subfield>
   <subfield code="7">0</subfield>
   <subfield code="8">KALL</subfield>
   <subfield code="8">591</subfield>
   <subfield code="d">2016-04-13</subfield>
   <subfield code="r">2016-04-13</subfield>
   <subfield code="w">2016-04-13</subfield>
   <subfield code="z">025.04 ΜΗΤ</subfield>
   <subfield code="o">SEAB KALLIPOS</subfield>
  </datafield>
  <datafield tag="998" ind1=" " ind2=" ">
   <subfield code="a">80</subfield>
   <subfield code="a">01</subfield>
   <subfield code="a">02</subfield>
   <subfield code="a">03</subfield>
   <subfield code="a">04</subfield>
   <subfield code="a">05</subfield>
   <subfield code="a">06</subfield>
   <subfield code="a">07</subfield>
   <subfield code="a">08</subfield>
   <subfield code="a">09</subfield>
   <subfield code="a">10</subfield>
   <subfield code="a">11</subfield>
   <subfield code="a">12</subfield>
   <subfield code="a">13</subfield>
   <subfield code="a">14</subfield>
   <subfield code="a">15</subfield>
   <subfield code="a">16</subfield>
   <subfield code="a">17</subfield>
   <subfield code="a">18</subfield>
   <subfield code="a">19</subfield>
   <subfield code="a">20</subfield>
   <subfield code="a">21</subfield>
   <subfield code="a">22</subfield>
   <subfield code="a">23</subfield>
   <subfield code="a">24</subfield>
   <subfield code="a">25</subfield>
   <subfield code="a">26</subfield>
   <subfield code="b">11-05-17</subfield>
   <subfield code="c">m</subfield>
   <subfield code="d">z  </subfield>
   <subfield code="e">-</subfield>
   <subfield code="f">gre</subfield>
   <subfield code="g">gr </subfield>
   <subfield code="h">0</subfield>
  </datafield>
  <datafield tag="942" ind1=" " ind2=" ">
   <subfield code="2">ddc</subfield>
   <subfield code="c">KALLIPOS</subfield>
  </datafield>
 </record>
</collection>
